[Event "Brno"]
[Site "Brno"]
[Date "1992.??.??"]
[Round "2"]
[White "Kortschnoj, Viktor Lvovich"]
[Black "Popovic, Petar"]
[Result "1-0"]
[WhiteElo "2575"]
[BlackElo "2535"]
[Annotator "Ftacnik,L"]
[PlyCount "79"]
[EventDate "1992.08.??"]
[EventType "tourn"]
[EventRounds "9"]
[EventCountry "CZE"]
[EventCategory "11"]
[SourceTitle "CBM 031"]
[Source "ChessBase"]
[SourceDate "1992.12.01"]
[SourceVersion "1"]
[SourceVersionDate "1992.12.01"]
[SourceQuality "1"]

1. d4 Nf6 2. c4 g6 3. Nc3 Bg7 4. e4 d6 5. Be2 O-O 6. Nf3 e5 7. O-O Nc6 8. d5
Ne7 9. Ne1 Nd7 10. Be3 f5 11. f3 f4 12. Bf2 g5 13. a4 Ng6 14. a5 Rf7 15. c5
Nxc5 16. Bxc5 dxc5 17. Bc4 Kh8 18. a6 bxa6 (18... b6 19. d6 Rd7 (19... Rf8 20.
Qd5 Rb8 21. Nb5 c6 22. Qxc6 Bd7 23. Qd5 $16) 20. Qd5 c6 (20... Rb8 21. dxc7
Rxd5 22. cxb8=Q $18) 21. Qxc6 Rb8 22. Nb5 $16) 19. Nd3 Bf8 20. Na4 Rb8 21. Rf2
{N} (21. b3 $1 $16 {Kozul,Z-Popovic,P/Novi Sad/1992/ ->Inf 43/649}) (21. Naxc5
$6 c6 22. Ne6 Bxe6 23. dxe6 Rg7 $13) 21... Bd6 22. Naxc5 Qe7 23. b4 Rg7 (23...
Rxb4 24. Nxb4 Bxc5 25. d6 cxd6 26. Bxf7 Qxf7 (26... Bxb4 27. Bxg6 hxg6 28. Rc2
$16) 27. Nxa6 $16) 24. Bxa6 Rxb4 (24... Bxa6 25. Nxa6 $16) 25. Nb3 $1 (25. Nxb4
$6 Bxc5 26. d6 Qd8 $17) (25. Bxc8 Bxc5 26. Nxc5 Qxc5 $17) 25... Rb8 $8 (25...
Bxa6 26. Nxb4 Bxb4 27. Rxa6 $16) 26. Bxc8 Rxc8 27. Rxa7 Rcg8 28. Rfa2 (28. Qa1
Nf8 29. Na5 g4 $132) 28... Nf8 29. Ra8 (29. Nf2 h5 30. h3 Nd7 $13) 29... g4 30.
Nd2 (30. fxg4 Rxg4 31. Ne1 Bc5+ $132) 30... h5 (30... Bc5+ 31. Kh1 Be3 32. fxg4
Bxd2 33. Rxd2 Rxg4 34. Ne1 $16) 31. Kh1 h4 $2 (31... Nd7 $14) 32. fxg4 Rxg4 33.
Nf3 h3 34. gxh3 R4g6 35. Qf1 Qh7 (35... Bc5 36. Nf2 (36. Ndxe5 $2 Qxe5 37. Rxf8
Qxe4) (36. Nxc5 Qxc5 37. Re8 $2 Qe3 38. Rxe5 Qxf3+ $1 $19) 36... Nd7 37. Ng4
$16) 36. Re8 Qf7 (36... Nd7 37. Rxg8+ Qxg8 38. h4 $16) 37. Rxe5 $1 Nd7 (37...
Bxe5 38. Ndxe5 Qg7 39. Nxg6+ Qxg6 40. Qa1+ Kh7 41. Qe5 $18) 38. Rf5 Qh7 39.
Nxf4 Rh6 40. Qa1+ {Ftacnik,L} 1-0

[Event "Rubinstein Memorial"]
[Site "Polanica Zdroj"]
[Date "1992.??.??"]
[Round "6"]
[White "Kaminski, Marcin"]
[Black "Kortschnoj, Viktor Lvovich"]
[Result "0-1"]
[WhiteElo "2440"]
[BlackElo "2575"]
[PlyCount "120"]
[EventDate "1992.08.??"]
[EventType "tourn"]
[EventRounds "11"]
[EventCountry "POL"]
[EventCategory "12"]
[SourceTitle "CBM 031"]
[Source "ChessBase"]
[SourceDate "1992.12.01"]
[SourceVersion "1"]
[SourceVersionDate "1992.12.01"]
[SourceQuality "1"]

1. e4 c6 2. d4 d5 3. Nc3 dxe4 4. Nxe4 Bf5 5. Ng3 Bg6 6. h4 h6 7. f4 e6 8. Nf3
Nd7 9. h5 Bh7 10. Bd3 Bxd3 11. Qxd3 Qc7 12. Bd2 O-O-O 13. Qe2 Ngf6 14. O-O-O
Bd6 15. Ne5 Rhf8 16. Rhf1 c5 17. Nc4 Nb6 18. Nxd6+ Rxd6 19. dxc5 Qxc5 20. Be3
Rxd1+ 21. Rxd1 Qc7 22. Bxb6 Qxb6 23. Ne4 Nd5 24. g3 Rd8 25. Qd3 Rd7 26. Qd4
Qxd4 27. Rxd4 b6 28. c4 Ne3 29. Nd6+ Kb8 30. b3 Ng4 31. b4 Nf6 32. c5 bxc5 33.
bxc5 Kc7 34. Ra4 Kc6 35. Ra5 Nxh5 36. Nc8 Rc7 37. Nxa7+ Kb7 38. Kd2 Kb8 39. Nb5
Rxc5 40. a4 Nxg3 41. Ra6 Ne4+ 42. Ke3 Nc3 43. Nd6 Nd5+ 44. Kd4 Rc1 45. Nxf7
Nxf4 46. Ke5 Nd3+ 47. Kd6 e5 48. Rb6+ Ka7 49. Rb5 e4 50. Ne5 Nxe5 51. Rxe5 Rg1
52. Rxe4 Rg5 53. Rb4 Ka6 54. Kc6 Rg6+ 55. Kd5 Ka5 56. Rh4 Rg5+ 57. Ke6 h5 58.
Rf4 g6 59. Kf7 Rg4 60. Rf1 Kxa4 0-1

[Event "Rubinstein Memorial"]
[Site "Polanica Zdroj"]
[Date "1992.??.??"]
[Round "8"]
[White "Kortschnoj, Viktor Lvovich"]
[Black "Gdanski, Jacek"]
[Result "1-0"]
[WhiteElo "2575"]
[BlackElo "2500"]
[PlyCount "119"]
[EventDate "1992.08.??"]
[EventType "tourn"]
[EventRounds "11"]
[EventCountry "POL"]
[EventCategory "12"]
[SourceTitle "CBM 031"]
[Source "ChessBase"]
[SourceDate "1992.12.01"]
[SourceVersion "1"]
[SourceVersionDate "1992.12.01"]
[SourceQuality "1"]

1. d4 Nf6 2. Nf3 c5 3. d5 g6 4. Nc3 Bg7 5. a4 d6 6. e4 O-O 7. Bf4 Bg4 8. a5 Na6
9. Be2 Nc7 10. h3 Bxf3 11. Bxf3 Nd7 12. O-O b5 13. Ra2 b4 14. Nb1 Ne5 15. Be2
e6 16. dxe6 Nxe6 17. Be3 Nd4 18. Bxd4 cxd4 19. Nd2 Rc8 20. f4 Nd7 21. Bd3 Nc5
22. Ra1 Re8 23. Re1 Bh6 24. g3 Qd7 25. Kh2 Bg7 26. Re2 Re7 27. Qf1 Nxd3 28.
cxd3 Rc2 29. Nb3 Qc8 30. Rc1 Rxc1 31. Qxc1 Rc7 32. Qe1 Rc2 33. Kg2 h5 34. Rf2
Qc6 35. Qd1 Rxf2+ 36. Kxf2 Bf6 37. Qc1 Qa4 38. Qc2 Kg7 39. Kf3 Kg8 40. g4 hxg4+
41. hxg4 Bg7 42. g5 Qd7 43. Kg3 Qb5 44. Qc8+ Kh7 45. Qc4 Qxc4 46. dxc4 d3 47.
e5 dxe5 48. c5 Bf8 49. c6 exf4+ 50. Kxf4 Bd6+ 51. Ke3 Kg7 52. Kxd3 Kf8 53. Nc5
Ke7 54. Kc4 f5 55. gxf6+ Kxf6 56. Kb5 g5 57. Ne4+ Ke7 58. Nxg5 Be5 59. Ka6 b3
60. Kb7 1-0

[Event "Interpolis"]
[Site "Tilburg"]
[Date "1992.10.09"]
[Round "1.2"]
[White "Kuijf, Marinus"]
[Black "Kortschnoj, Viktor Lvovich"]
[Result "0-1"]
[WhiteElo "2420"]
[BlackElo "2575"]
[Annotator "Knaak,R"]
[PlyCount "62"]
[EventDate "1992.10.08"]
[EventType "k.o."]
[EventRounds "7"]
[EventCountry "NED"]
[SourceTitle "CBM 032"]
[Source "ChessBase"]
[SourceDate "1993.02.01"]
[SourceVersion "1"]
[SourceVersionDate "1993.02.01"]
[SourceQuality "1"]

1. e4 e6 2. d4 d5 3. exd5 exd5 4. c4 Nf6 5. Nc3 Bb4 6. cxd5 Nxd5 7. Bd2 O-O 8.
Bd3 (8. Bc4) 8... c5 $1 9. dxc5 Nxc3 10. Bxc3 Bxc3+ 11. bxc3 Nd7 12. c6 (12.
Nh3 Nxc5 13. Bxh7+ Kxh7 14. Qh5+ Kg8 15. Qxc5 Bxh3 16. gxh3 Qd3 $19) 12... Nc5
$1 13. Bc2 Re8+ 14. Ne2 Qe7 $1 $17 15. Kf1 (15. cxb7 Bxb7 $19) 15... bxc6 16.
Nd4 Ne4 17. Nxc6 Ba6+ 18. Kg1 Qc5 19. Bxe4 Rxe4 20. Nb4 (20. Nd4 $1 Qxc3 21.
Nf3 $17) 20... Rae8 $1 21. Nxa6 (21. Qd2 Re2 $19) 21... Qxc3 22. Kf1 $8 Qc4+
23. Kg1 Qxa6 24. g3 (24. h3 Re2 25. Qb3 Qf6 26. Rf1 h5 $19) 24... Re2 25. Qd7
Qf6 26. Rf1 Qf3 27. Qxa7 Re1 28. Qa6 h5 29. h4 R8e2 $1 30. Qa7 (30. Rh2 Rxf1+
31. Kxf1 Rd2 $19) 30... Rxf1+ 31. Kxf1 Rb2 0-1

[Event "Interpolis"]
[Site "Tilburg"]
[Date "1992.10.12"]
[Round "2.2"]
[White "Kortschnoj, Viktor Lvovich"]
[Black "Christiansen, Larry Mark"]
[Result "1-0"]
[WhiteElo "2575"]
[BlackElo "2625"]
[Annotator "Dautov,R"]
[PlyCount "69"]
[EventDate "1992.10.08"]
[EventType "k.o."]
[EventRounds "7"]
[EventCountry "NED"]
[SourceTitle "CBM 032"]
[Source "ChessBase"]
[SourceDate "1993.02.01"]
[SourceVersion "1"]
[SourceVersionDate "1993.02.01"]
[SourceQuality "1"]

1. d4 d6 2. Nf3 Nf6 3. c4 g6 4. Nc3 Bf5 5. d5 $5 (5. g3) (5. Nh4 Bd7 6. e4 e5
7. Nf3 Nc6 (7... exd4 8. Nxd4 Bg7 9. Be2 O-O 10. O-O Nc6 11. Be3 $14) 8. d5 Ne7
9. c5 $1 Bg7 10. Qb3 Qb8 11. cxd6 cxd6 12. Bb5 O-O 13. a4 Bg4 14. Nd2 Nh5 15.
a5 Bc8 16. Nc4 f5 17. Qb4 Rd8 18. f3 f4 $2 19. b3 Bf8 20. Ba3 g5 21. Qxd6 $1
$18 {Psakhis,L-Wolff,P New York Reshevsky 1992}) 5... Bg7 6. Nd4 Bd7 7. e4 c6 (
7... Na6 8. Nb3 e5 9. Be2 b6 10. g4 $1 h5 $6 11. g5 Nh7 12. Rg1 f6 $2 13. gxf6
Nxf6 (13... Qxf6 14. Rxg6 $1) 14. Rxg6 Kf7 15. Rg3 $16 {Kortschnoi,V-Mestel,A
Beersheba 1988}) 8. Be2 Na6 9. O-O Nc5 10. Bf3 O-O (10... e5 11. dxe6 Nxe6 12.
Be3 $14) 11. Nb3 $1 (11. b4 Na6 12. dxc6 (12. a3 Rc8 $132) 12... bxc6 13. e5
dxe5 14. Nxc6 Bxc6 15. Bxc6 Rc8 16. b5 Qxd1 17. Rxd1 Nb4 $10) 11... Nxb3 12.
axb3 a6 13. Be3 Qc7 14. Re1 $14 Rfe8 (14... c5 $2 15. Bf4 {/\e5}) 15. Rc1 Rad8
(15... e6 $6 16. dxe6 Bxe6 (16... fxe6 17. Na4 b5 $2 18. Nb6 Rab8 19. e5 dxe5
20. Nxd7 Nxd7 21. cxb5 $16) 17. Bf4 Rad8 18. c5 Bf8 19. Re3 $1 $16) 16. Bf4
cxd5 (16... Bc8 17. e5 dxe5 18. Bxe5 Qd7 19. dxc6 bxc6 20. Qxd7 Bxd7 21. Ra1
$16) 17. exd5 $1 (17. cxd5 Qb6 18. Be3 (18. e5 dxe5 19. Bxe5 Rc8 $10) 18... Qb4
19. Ra1 Rc8 $10) 17... Qa5 18. Bd2 Qb6 (18... Bc8 $2 19. Nb5 Qb6 20. Be3 Qa5
21. Ra1 Qb4 22. Ra4 $18) (18... Qc7 $142) 19. Be3 Qb4 $4 (19... Qc7 20. h3 $14
{/\Qd2,Bd4}) 20. Ra1 $18 {/\Na4,Bd2} e6 (20... b5 $142 21. Bb6 Rb8 (21... bxc4
22. Bxd8 Rxd8 23. Rxe7 $18) 22. Na2 Qxe1+ 23. Qxe1 Rxb6 24. Qe3 Rbb8 25. c5
dxc5 26. Qxc5 $18) 21. Na4 Qxe1+ (21... Qa5 22. Nb6 Qb4 23. Nxd7 Rxd7 24. Ra4
$18) 22. Qxe1 exd5 23. Qd1 dxc4 24. bxc4 b5 25. Nc3 b4 26. Nd5 Nxd5 27. Bxd5
Bxb2 28. Rxa6 Be6 29. Ra7 Bc3 30. Bxe6 Rxe6 31. c5 b3 32. Qxb3 dxc5 33. g3 Bd4
34. Qb7 Rf6 35. Qe7 1-0

[Event "Interpolis"]
[Site "Tilburg"]
[Date "1992.10.18"]
[Round "4.2"]
[White "Kortschnoj, Viktor Lvovich"]
[Black "Tiviakov, Sergei"]
[Result "1-0"]
[WhiteElo "2575"]
[BlackElo "2585"]
[Annotator "Ftacnik,L"]
[PlyCount "127"]
[EventDate "1992.10.08"]
[EventType "k.o."]
[EventRounds "7"]
[EventCountry "NED"]
[SourceTitle "CBM 032"]
[Source "ChessBase"]
[SourceDate "1993.02.01"]
[SourceVersion "1"]
[SourceVersionDate "1993.02.01"]
[SourceQuality "1"]

1. d4 Nf6 2. c4 e6 3. Nc3 Bb4 4. Qc2 c5 5. dxc5 O-O 6. a3 Bxc5 7. Nf3 Nc6 8.
Bg5 b6 (8... h6 9. Bh4 Be7 10. e4 a6 11. Rd1 Qa5 12. Be2 Rb8 13. Bg3 d6 14.
Bxd6 Bxd6 15. Rxd6 Ne5 16. Nxe5 Qxe5 17. Qd3 b5 18. cxb5 axb5 19. Rd4 b4 20.
Rxb4 Rxb4 21. axb4 Bb7 22. Bf3 Nxe4 $2 23. Nxe4 f5 24. Qc3 Qf4 25. Nf6+ gxf6
26. Bxb7 $18 {Fiorito,F-Pina,V/Buenos Aires Konex/1991/}) (8... Be7 9. e3 (9.
Rd1 h6 10. Bh4 b6 11. e4 Bb7 12. Be2 Nh5 13. Bxe7 Qxe7 14. Qd2 Rad8 15. O-O d6
16. Qe3 Nf6 17. Nd4 Rc8 18. Rd2 Na5 19. Ndb5 Nxc4 20. Bxc4 Rxc4 21. Nxd6 Rc7
22. Rfd1 Bc6 23. h3 Rd7 24. e5 Nd5 25. Nxd5 Bxd5 26. Rc1 $10 {Yrjola,J-Franco,
Z/Novi Sad olm/1990/}) 9... b6 (9... d6 10. Be2 a6 11. O-O h6 12. Bh4 Bd7 (
12... b6 13. Rfd1 Ra7 14. Nd4 Qc7 15. Rac1 Ne5 16. b3 Rd8 17. Qb1 Bd7 18. Ne4
Ng6 19. Bxf6 gxf6 20. Bh5 f5 21. Nc3 Bf6 22. Nxf5 Qc5 23. Nxh6+ Kg7 24. Bxg6
fxg6 25. Ne4 Qh5 26. Nxf6 $40 {Lev,R-Ziska,B/Thessaloniki olm/1988/}) 13. Rfd1
Qc7 14. Nd5 exd5 15. cxd5 Rac8 16. dxc6 Bxc6 17. Nd4 Be4 18. Qb3 Rfd8 19. Bd3
d5 20. Nf5 Qe5 21. Nxe7+ Qxe7 22. Bxf6 Qxf6 23. Bxe4 dxe4 24. Qxb7 Rc2 25.
Rxd8+ Qxd8 26. Qxe4 $16 {Lev,R-Roach,P/Thessaloniki olm/1988/}) 10. Bd3 h6 11.
Bf4 Bb7 12. h3 Rc8 13. O-O Na5 14. Nd2 d5 15. Rfd1 Qe8 16. cxd5 Nxd5 17. Bf1
Qc6 18. Ndb1 Bf6 19. Qe2 Nb3 20. Ra2 Bxc3 21. Nxc3 Nxc3 22. bxc3 Qxc3 23. Qg4
Qf6 24. Rd7 Nc5 25. Rd1 e5 26. Bh2 $17 {Saeed,NM-Georghiou,A/Dubai olm/1986/})
9. Rd1 (9. e3 Bb7 10. Be2 Be7 11. O-O Rc8 12. Rfd1 d6 13. Rac1 Rc7 14. h3 Rd7
15. b4 Qa8 16. Rd2 Rc8 17. Rcd1 Qb8 18. Qb3 Rdd8 {0,5/Pigott,J-Wells,P/British
Ch/1988/}) 9... Be7 (9... Bb7 10. e4 Be7 11. Be2 Rc8 12. O-O Qc7 $1 13. Nb5 (
13. Rd2 a6 14. Rfd1 d6 15. b4 Nb8 16. Bf4 e5 17. Bg3 Nbd7 18. a4 Qb8 19. Qb1
Qa8 20. Nd5 Nxd5 21. cxd5 Rc3 22. Rc2 Rxc2 23. Qxc2 Rc8 24. Qb3 Qb8 25. Nd2 Bg5
26. Nc4 $10 {Baburin,A-Horvath,T/SWZ-chI op/1992/}) 13... Qb8 14. Bxf6 Bxf6 15.
Rxd7 Ne5 16. Rxb7 $8 Qxb7 17. Nd6 Qc7 18. Nxc8 Nxf3+ 19. Bxf3 Rxc8 20. b3 {
0,5/Horvath,Joz-Rechlis,G/Haifa/1989/}) 10. e3 Bb7 11. Be2 d6 (11... Rc8 12. e4
h6 13. Bf4 Na5 14. Ne5 d6 15. b4 Qc7 16. Nb5 Bxe4 17. Qb2 Qb8 18. bxa5 dxe5 19.
Bxe5 Qa8 20. Nd6 Rc5 21. f3 Bg6 22. axb6 axb6 23. Nb5 Ne8 24. O-O Bf6 25. Bxf6
Nxf6 26. Rd6 $10 {Geisler,R-Vogel,J/Dieren op/1989/}) 12. Rd2 Qb8 13. O-O h6
14. Bh4 Rd8 15. Rfd1 Na5 $6 (15... a6) 16. b4 Nc6 17. Bg3 Nh5 18. Ng5 $1 hxg5 (
18... Bxg5 19. Bxh5 Be7 20. Ne4 $16) 19. Bxh5 Ne5 (19... a5 20. b5 Ne5 21. Bxe5
dxe5 22. Rxd8+ Bxd8 23. Rd7 $18) 20. Bxe5 dxe5 21. Rxd8+ Bxd8 22. Rd7 Bc6 23.
Bxf7+ Kf8 24. Bh5 $1 Bxd7 25. Qg6 Kg8 (25... Ke7 26. Ne4 Bc7 27. Qxg7+ Kd8 28.
Qf8+) 26. Qf7+ Kh8 (26... Kh7 27. Bg6+ Kh6 28. Be4 $18) 27. Bf3 Be7 (27... Bf6
28. Bxa8 $18) 28. Bxa8 Qe8 29. Qxe8+ Bxe8 30. Be4 a5 31. b5 Kg8 (31... Bxa3 32.
Na4 $18) 32. Na4 Bd8 33. g4 Kf8 34. Kf1 Ke7 35. Nb2 Kd6 36. Nd3 Bc7 37. a4 Bd8
38. Ke2 Bc7 39. Kd2 Bf7 40. h3 Be8 41. Kc3 Bf7 42. c5+ bxc5 43. Nb2 $1 c4 44.
Kxc4 Bd8 45. Nd3 Bb6 46. Ne1 Bd8 47. Nf3 Be8 48. Kb3 Bf7 49. Nd2 Kc5 50. Nc4
Bc7 51. Bc6 Bg6 52. e4 Bf7 53. f3 Bg6 54. Bd7 Bf7 55. Bc8 Bg8 56. Bb7 Bf7 57.
Ba6 Bg8 58. Bc8 Bf7 59. Bd7 Bd8 (59... Bg8 60. Be8 Bh7 61. Bf7 $18) 60. Nxe5
Bg8 61. Be8 Kd6 62. Nc4+ Ke7 63. Bc6 e5 64. Bd5 1-0

[Event "Interpolis"]
[Site "Tilburg"]
[Date "1992.10.20"]
[Round "5.1"]
[White "Kortschnoj, Viktor Lvovich"]
[Black "Gelfand, Boris"]
[Result "1-0"]
[WhiteElo "2575"]
[BlackElo "2685"]
[PlyCount "111"]
[EventDate "1992.10.08"]
[EventType "k.o."]
[EventRounds "7"]
[EventCountry "NED"]
[SourceTitle "CBM 032"]
[Source "ChessBase"]
[SourceDate "1993.02.01"]
[SourceVersion "1"]
[SourceVersionDate "1993.02.01"]
[SourceQuality "1"]

1. d4 Nf6 2. c4 g6 3. Nc3 Bg7 4. e4 d6 5. Be2 O-O 6. Nf3 e5 7. O-O Nc6 8. d5
Ne7 9. Ne1 Nd7 10. Be3 f5 11. f3 f4 12. Bf2 g5 13. a4 Ng6 14. a5 a6 15. Nd3 Nf6
16. c5 h5 17. cxd6 cxd6 18. Na4 g4 19. Nb6 Rb8 20. Nxc8 Qxc8 21. Qa4 gxf3 22.
Bxf3 Ng4 23. Bb6 Nh4 24. Rac1 Qe8 25. Qxe8 Rbxe8 26. Rc7 Nxf3+ 27. gxf3 Ne3 28.
Rfc1 Rf7 29. Kf2 Bh6 30. Rg1+ Bg7 31. Rgc1 Bh6 32. Ke2 Kf8 33. Rg1 Bg7 34. Rg6
Bf6 35. Rc1 Ke7 36. Rh6 Rg8 37. Rc7+ Kf8 38. Rc8+ Kg7 39. Rxg8+ Kxh6 40. Bxe3
fxe3 41. Kxe3 Bg5+ 42. Kf2 Rc7 43. Kg3 Rc2 44. f4 exf4+ 45. Nxf4 h4+ 46. Kg4
Bxf4 47. Kxf4 Rxh2 48. Kf5 Rf2+ 49. Ke6 Re2 50. Kxd6 Rxe4 51. Kc7 Rc4+ 52. Kxb7
Rb4+ 53. Kc7 Rc4+ 54. Kd7 Kh5 55. d6 h3 56. Ke6 1-0

[Event "Interpolis"]
[Site "Tilburg"]
[Date "1992.10.22"]
[Round "5.4"]
[White "Gelfand, Boris"]
[Black "Kortschnoj, Viktor Lvovich"]
[Result "0-1"]
[WhiteElo "2685"]
[BlackElo "2575"]
[PlyCount "100"]
[EventDate "1992.10.08"]
[EventType "k.o."]
[EventRounds "7"]
[EventCountry "NED"]
[SourceTitle "CBM 032"]
[Source "ChessBase"]
[SourceDate "1993.02.01"]
[SourceVersion "1"]
[SourceVersionDate "1993.02.01"]
[SourceQuality "1"]

{Barrage 30'} 1. d4 d5 2. Nf3 c6 3. c4 e6 4. e3 f5 5. Be2 Nd7 6. O-O Bd6 7. b3
Qe7 8. Bb2 Ngf6 9. Ne5 O-O 10. Nd2 Ne4 11. f3 Nxd2 12. Qxd2 Nf6 13. c5 Bc7 14.
b4 Bd7 15. a4 Be8 16. b5 Nd7 17. f4 Nf6 18. Bd3 Ne4 19. Qe2 Bxe5 20. fxe5 Ng5
21. Ba3 Bg6 22. a5 Ne4 23. Bb4 Rab8 24. a6 Qg5 25. Bxe4 dxe4 26. b6 Bh5 27. Qf2
bxa6 28. Rxa6 Bf3 29. bxa7 Ra8 30. Bd2 Qg4 31. h3 Qg6 32. Kh2 Bh5 33. g4 Bxg4
34. hxg4 Qxg4 35. Qg2 Qh5+ 36. Kg1 g5 37. Kf2 Rf7 38. Rxc6 Raxa7 39. d5 f4 40.
exf4 Rxf4+ 41. Bxf4 Ra2+ 42. Kg1 Rxg2+ 43. Kxg2 gxf4 44. Rg1 Qxe5 45. d6 f3+
46. Kf2+ Kf7 47. Rc7+ Kf6 48. Rgg7 Qh2+ 49. Ke3 Qe2+ 50. Kf4 e5+ 0-1

[Event "Beersheba"]
[Site "Beersheba"]
[Date "1993.??.??"]
[Round "4"]
[White "Kortschnoj, Viktor Lvovich"]
[Black "Huzman, Alexander"]
[Result "1-0"]
[WhiteElo "2625"]
[BlackElo "2520"]
[Annotator "Ftacnik,L"]
[PlyCount "59"]
[EventDate "1993.??.??"]
[EventType "tourn"]
[EventRounds "11"]
[EventCountry "ISR"]
[EventCategory "12"]
[SourceTitle "CBM 038"]
[Source "ChessBase"]
[SourceDate "1994.02.01"]
[SourceVersion "1"]
[SourceVersionDate "1994.02.01"]
[SourceQuality "1"]

1. d4 Nf6 2. c4 g6 3. Nc3 d5 4. cxd5 Nxd5 5. e4 Nxc3 6. bxc3 Bg7 7. Bb5+ c6 8.
Ba4 b5 9. Bb3 b4 10. Bb2 $5 $146 bxc3 11. Bxc3 Nd7 12. Nf3 Nc5 (12... c5 13.
Rc1 cxd4 14. Nxd4 Nc5 15. Bd5 Ba6 16. Nc6 Bxc3+ 17. Rxc3 Qb6 18. Ne5 $16) 13.
Bc2 Ba6 14. Qd2 O-O 15. h4 $5 (15. dxc5 $2 Qxd2+ 16. Kxd2 Rfd8+ $17) 15... h5 (
15... Ne6 16. h5 c5 17. d5 $1 $40) 16. Ng5 Qd7 17. O-O-O $5 Ne6 (17... Rab8 $2
18. dxc5 Qxd2+ 19. Bxd2 Bb2+ 20. Kb1 Bd4+ 21. Bb3 $18) 18. Bb3 Nxg5 19. hxg5
Rab8 20. Rh3 $1 Qb7 21. Qe3 (21. f4 Bc4 22. Bb2 Qa6 $40) 21... Qb5 (21... Bc4
$4 22. Bxc4 Qb1+ 23. Kd2 $18) 22. f4 e6 23. Qf2 (23. f5 exf5 24. exf5 Qxf5 $17)
23... Rfe8 24. Rd2 Bf8 25. g4 $1 hxg4 26. Rh1 Bg7 27. Qh4 c5 $2 (27... Kf8 28.
Qh7 $40) 28. f5 exf5 (28... cxd4 29. f6 dxc3 30. Qh7+ Kf8 31. Qxg7#) 29. Qh7+
Kf8 30. Qxg7+ $3 (30. Qxg7+ $3 Kxg7 31. dxc5+ Kf8 32. Rh8+ Ke7 33. Bf6#) 1-0

[Event "Beersheba"]
[Site "Beersheba"]
[Date "1993.??.??"]
[Round "10"]
[White "Kortschnoj, Viktor Lvovich"]
[Black "Mikhalevski, Victor"]
[Result "1-0"]
[WhiteElo "2625"]
[BlackElo "2380"]
[Annotator "Ftacnik,L"]
[PlyCount "71"]
[EventDate "1993.??.??"]
[EventType "tourn"]
[EventRounds "11"]
[EventCountry "ISR"]
[EventCategory "12"]
[SourceTitle "CBM 038"]
[Source "ChessBase"]
[SourceDate "1994.02.01"]
[SourceVersion "1"]
[SourceVersionDate "1994.02.01"]
[SourceQuality "1"]

1. d4 Nf6 2. c4 g6 3. Nc3 d5 4. cxd5 Nxd5 5. g3 Bg7 6. Bg2 Nxc3 7. bxc3 c5 8.
e3 O-O 9. Ne2 Nd7 10. O-O Rb8 11. e4 e5 (11... e6 12. Be3 b6 $14) 12. Be3 b6 (
12... exd4 13. cxd4 cxd4 14. Bxd4 (14. Nxd4 Ne5 {/\ Ng4}) 14... Bxd4 15. Qxd4
Qb6 16. f4 $14) 13. d5 Ba6 14. Re1 f5 (14... Nf6 15. Qa4 Qc8 16. Rad1 Rd8 {
/\ Ne8-d6}) 15. f3 Bc4 (15... Nf6 16. Qa4 $140 Qc8 (16... Bd3 17. Nc1)) 16. Nc1
Qc7 17. Nd3 Bxd3 $6 (17... Nf6 $5) 18. Qxd3 c4 19. Qe2 (19. Qc2 Nc5 {/\ Nd3})
19... Rf7 20. a4 $1 Bf8 21. Kh1 a6 22. Bh3 Bd6 (22... b5 23. axb5 axb5 24. Ra7
Rb7 25. Rea1 $16) 23. exf5 gxf5 24. Qc2 $1 Nc5 (24... Rbf8 25. Bh6 $16) 25.
Bxc5 Qxc5 26. Bxf5 Kh8 (26... Qxd5 27. Be4 Qc5 28. Rad1 Kh8 29. Rd5 Qc7 30.
Red1 $16) 27. Be4 Qc7 28. Qd2 Rf6 29. Rab1 Qg7 30. Qe3 Qc7 31. Re2 h6 (31...
Bc5 32. Qg5 $16) 32. Bc2 Kg8 33. Qe4 Rbf8 34. Rxb6 $1 R8f7 35. Rc6 Qd8 36. Qg4+
(36. Qg4+ Rg7 37. Rc8 $18) 1-0

[Event "SUI-chT"]
[Site "Switzerland"]
[Date "1993.??.??"]
[Round "?"]
[White "Fioramonti, Hung"]
[Black "Kortschnoj, Viktor Lvovich"]
[Result "0-1"]
[WhiteElo "2380"]
[BlackElo "2605"]
[PlyCount "136"]
[EventDate "1993.??.??"]
[EventType "team-tourn"]
[EventRounds "9"]
[EventCountry "SUI"]
[SourceTitle "TD"]
[Source "ChessBase"]
[SourceDate "1994.03.01"]
[SourceVersion "1"]
[SourceVersionDate "1994.03.01"]
[SourceQuality "1"]

1. Nf3 d5 2. c4 d4 3. e3 Nc6 4. exd4 Nxd4 5. Nxd4 Qxd4 6. Nc3 e5 7. d3 Bc5 8.
Be3 Qd6 9. Bxc5 Qxc5 10. d4 exd4 11. Nb5 a6 12. Nxd4 Ne7 13. Be2 Bh3 14. gxh3
O-O-O 15. O-O Rxd4 16. Qb3 Nc6 17. Rad1 Rhd8 18. Qe3 Qe5 19. Rxd4 Rxd4 20. Bg4+
Kb8 21. b3 Re4 22. Qg3 Nd4 23. Kg2 h5 24. Bf3 h4 25. Qxe5 Rxe5 26. Rd1 Ne6 27.
Rd7 Nf4+ 28. Kg1 Rf5 29. Bg4 Rf6 30. Rd8+ Ka7 31. Rh8 Kb6 32. b4 c5 33. a3 cxb4
34. axb4 Ng6 35. Rc8 Ne5 36. Be2 Rf4 37. c5+ Ka7 38. b5 axb5 39. Bxb5 Rb4 40.
Be2 g5 41. Rg8 Rb1+ 42. Kg2 Ng6 43. Bg4 Rb3 44. Kf1 Rc3 45. Rg7 Nf4 46. Ke1
Rxc5 47. Rxf7 Ka6 48. Rf5 Kb5 49. Kd2 Rxf5 50. Bxf5 Kc5 51. Ke3 Kd6 52. Kf3 Ke5
53. Bd7 Nd5 54. Bb5 Nf6 55. Ke3 Kd6 56. Kd4 Ke6 57. Bd3 b6 58. f3 Nh5 59. Ke3
Nf4 60. Ba6 Ke5 61. Bf1 Kd5 62. Ba6 Nxh3 63. Bb5 Nf4 64. Ba6 Ke5 65. Bb5 Nd5+
66. Kd3 Kf5 67. Kd4 Ne7 68. Be2 Nc6+ 0-1

[Event "SUI-chT"]
[Site "Switzerland"]
[Date "1993.??.??"]
[Round "?"]
[White "Kortschnoj, Viktor Lvovich"]
[Black "Landenbergue, Claude"]
[Result "1-0"]
[WhiteElo "2605"]
[BlackElo "2385"]
[PlyCount "99"]
[EventDate "1993.??.??"]
[EventType "team-tourn"]
[EventRounds "9"]
[EventCountry "SUI"]
[SourceTitle "TD"]
[Source "ChessBase"]
[SourceDate "1994.03.01"]
[SourceVersion "1"]
[SourceVersionDate "1994.03.01"]
[SourceQuality "1"]

1. d4 Nf6 2. c4 e6 3. Nc3 Bb4 4. e3 c5 5. Bd3 Nc6 6. Nge2 cxd4 7. exd4 d5 8.
O-O O-O 9. a3 dxc4 10. Bxc4 Be7 11. Qd3 b6 12. Rd1 Bb7 13. Ba2 Rc8 14. Qg3 Bd6
15. Qh3 Ne7 16. Bg5 Nfd5 17. Bb1 f5 18. Ba2 Qd7 19. Bxe7 Bxe7 20. Re1 Bg5 21.
Rad1 Kh8 22. Qh5 Bh6 23. Nxd5 Bxd5 24. Bxd5 Qxd5 25. Nc3 Qb3 26. Qe2 Rc6 27. h4
a6 28. Rd3 b5 29. g3 Qc4 30. d5 exd5 31. Nxd5 f4 32. b3 Qc5 33. g4 g6 34. b4
Qc4 35. Qf3 Rd6 36. Red1 Bg7 37. Kg2 Rfd8 38. Qxf4 Bb2 39. Qf3 Bg7 40. Ne3 Qxd3
41. Rxd3 Rxd3 42. h5 Rf8 43. Qe2 Rxa3 44. h6 Bd4 45. g5 Rb3 46. Qd1 Rxb4 47.
Nc2 Rxf2+ 48. Kh1 Rxc2 49. Qxc2 Rc4 50. Qe4 1-0